|
|
|
|
| LEADER |
00000nam0a2200000 4500 |
| 001 |
251807 |
| 005 |
20231101232705.0 |
| 010 |
|
|
|a 9785434400992
|
| 035 |
|
|
|a (RuTPU)RU\TPU\book\274119
|
| 090 |
|
|
|a 251807
|
| 100 |
|
|
|a 20140225d2012 k y0rusy50 ca
|
| 101 |
1 |
|
|a rus
|c eng
|
| 102 |
|
|
|a RU
|
| 105 |
|
|
|a a z 001zy
|
| 200 |
1 |
|
|a Практическое моделирование нефтегазовых пластов
|e пер. с англ.
|f М. Р. Карлсон
|
| 210 |
|
|
|a Ижевск
|a Москва
|c Институт компьютерных исследований
|d 2012
|
| 215 |
|
|
|a 943 с.
|c ил.
|
| 225 |
1 |
|
|a Библиотека нефтяного инжиниринга
|
| 320 |
|
|
|a Библиография в конце глав.
|
| 320 |
|
|
|a Предметный указатель: с. 913-942.
|
| 330 |
|
|
|a В книге доступным языком изложены рекомендации, касающиеся вопросов гидродинамического моделирования пластовых систем в нефтегазовой отрасли. Приведены модели, используемые для этого, и физические основы процессов, которые они описывают. Автор монографии — инженер по разработке с более чем 30-летним опытом работы, один из ключевых участников проекта Leismer Black Gold SAGD. Книга основана на материале курсов по гидродинамическому моделированию, преподаваемых автором более 20 лет, и примерах из реальных проектов. Издание будет интересно желающим ознакомиться с авторским видением рекомендаций по моделированию и практическими примерами из опыта освоения месторождений Канады.
|
| 606 |
1 |
|
|a Нефтяные месторождения
|x Системы разработки
|x Математические исследования
|x Математическое моделирование
|x Методы прогнозирования
|2 stltpush
|3 (RuTPU)RU\TPU\subj\45969
|9 65158
|
| 610 |
1 |
|
|a гидродинамическое моделирование
|
| 610 |
1 |
|
|a математическое обоснование
|
| 610 |
1 |
|
|a геология
|
| 610 |
1 |
|
|a петрофизика
|
| 610 |
1 |
|
|a слоистость
|
| 610 |
1 |
|
|a комплексный подход
|
| 610 |
1 |
|
|a геостатистика
|
| 610 |
1 |
|
|a нефтегазовые пласты
|
| 610 |
1 |
|
|a эксплуатация
|
| 610 |
1 |
|
|a пластовые флюиды
|
| 610 |
1 |
|
|a PVT-свойства
|
| 610 |
1 |
|
|a капиллярное давление
|
| 610 |
1 |
|
|a относительная проницаемость
|
| 610 |
1 |
|
|a фазовая проницаемость
|
| 610 |
1 |
|
|a апскейлинг
|
| 610 |
1 |
|
|a инициализация
|
| 610 |
1 |
|
|a данные
|
| 610 |
1 |
|
|a интеграция
|
| 610 |
1 |
|
|a прогнозы
|
| 610 |
1 |
|
|a программы
|
| 610 |
1 |
|
|a газоконденсатные залежи
|
| 610 |
1 |
|
|a летучая нефть
|
| 610 |
1 |
|
|a горизонтальные скважины
|
| 610 |
1 |
|
|a гидроразрыв
|
| 610 |
1 |
|
|a тепловое воздействие
|
| 610 |
1 |
|
|a SAGD
|
| 675 |
|
|
|a 622.276.001
|v 3
|
| 700 |
|
1 |
|a Карлсон
|b М. Р.
|g Майк
|
| 801 |
|
1 |
|a RU
|b 63413507
|c 20140225
|
| 801 |
|
2 |
|a RU
|b 63413507
|c 20150623
|g RCR
|
| 900 |
|
|
|a Разработка нефтяных и газовых месторождений
|
| 942 |
|
|
|c BK
|
| 959 |
|
|
|a 36/20140225
|d 5
|e 1930,00
|f ЧЗТЛ:1
|f АНЛ:1
|f УФ:3
|